Mutilující forma psoriatické artritidy

Podrobná bibliografia
Hlavní autori: Marcela, Brenerová (Autor), Machovcová, Alena (Autor), Yvetta, Vantuchová (Autor)
Médium: Článok
Jazyk:slovenčina
čeština

MARC

LEADER 00000nab a22000007a 4500
001 vtls010672060
003 SK-MaSNL
005 20260304185047.0
008 250708s2013 xo |||||||||||||||||slo|
035 |a (urnnbn)urn:nbn:sk:snk:ar-a069zm 
035 |a (uuid)e7fbee46-29d9-4c26-bbe1-83c4fb3583b5 
035 |a urn:nbn:sk:snk-ab1ag0 
040 |a SNKBUCL  |b slo  |c SNKBUCL  |e AACR2 
041 0 |a cze 
044 |a xo  |c SK 
100 1 |a Marcela, Brenerová  |4 aut  |9 1519249 
245 1 0 |a Mutilující forma psoriatické artritidy  |c Marcela Brenerová 
700 1 |a Machovcová, Alena  |4 aut  |9 1130354 
700 1 |a Yvetta, Vantuchová  |4 aut  |9 1517605 
773 0 |t Dermatológia pre prax  |g Roč. 7, č. 4 (2013), s. 128-130 
850 |a Slovenská národná knižnica 
852 |a Slovenská národná knižnica 
954 |a odborná, vedecká literatúra cudzojazyčná (svetová)  |2 lita 
958 |a article 
958 |a OND 
958 |a EUIPO 
999 |c 3041126  |d 3043056